[Event "Montevideo Duchamp Cup 4th"]
[Site "Montevideo"]
[Date "2020.02.13"]
[Round "7"]
[White "Elters, Antoine"]
[Black "Gomez Troccoli, Martin"]
[Result "1-0"]
[WhiteElo "2189"]
[BlackElo "2004"]
[PlyCount "135"]
[EventDate "2020.02.08"]
[EventType "swiss"]
[EventRounds "9"]
[EventCountry "URU"]
[SourceTitle "CBM 194 Extra"]
[Source "ChessBase"]
[SourceDate "2020.03.31"]
[SourceVersion "1"]
[SourceVersionDate "2020.03.31"]
[SourceQuality "1"]

1. Nf3 Nf6 2. c4 g6 3. g3 Bg7 4. Bg2 d6 5. Nc3 e5 6. d4 exd4 7. Nxd4 0-0 8. 0-0 Nbd7 9. a4 Ne5 10. b3 c6 11. Ba3 Qc7 12. Ndb5 cxb5 13. Bxd6 Qd7 14. Bxe5 Qe6 15. Bxf6 Qxf6 16. Rc1 bxc4 17. Nd5 Qd8 18. bxc4 Rb8 19. Qb3 Bd7 20. Qb4 Re8 21. e3 Bc6 22. Rfd1 Bf8 23. Qb3 Bg7 24. Qa3 Bf8 25. Qa2 Bg7 26. a5 Qd6 27. a6 Qc5 28. Rb1 b6 29. Qb3 Rec8 30. Qb4 Qxb4 31. Rxb4 Bf8 32. Rbb1 Kg7 33. h4 Bc5 34. h5 Bd7 35. Nxb6 Bxb6 36. Rxd7 Rxc4 37. Bd5 Rc7 38. Rxb6 Rc1+ 39. Kg2 Rxb6 40. Rxf7+ Kh6 41. hxg6 hxg6 42. Rxa7 Ra1 43. Bb7 Rb2 44. Ra8 Raa2 45. Rf8 Kg5 46. Rf7 Ra1 47. Kh3 Ra3 48. g4 Kh6 49. Kg3 Rb4 50. f3 Ra1 51. f4 g5 52. Rf6+ Kg7 53. fxg5 Rba4 54. e4 Ra5 55. Rf5 R5a3+ 56. Kf4 Kg6 57. Rf6+ Kg7 58. e5 Rf1+ 59. Ke4 Re1+ 60. Kf5 Ra5 61. Re6 Rf1+ 62. Ke4 Rfa1 63. g6 R1a4+ 64. Kf5 Kf8 65. Kg5 Ra1 66. Kh6 R5a3 67. g7+ Kf7 68. Rf6+ 1-0

[Event "Montevideo Duchamp Cup 4th"]
[Site "Montevideo"]
[Date "2020.02.08"]
[Round "1"]
[White "Blanco, Rudemar Ernesto"]
[Black "Gomez Troccoli, Martin"]
[Result "0-1"]
[WhiteElo "1470"]
[BlackElo "2004"]
[PlyCount "82"]
[EventDate "2020.02.08"]
[EventType "swiss"]
[EventRounds "9"]
[EventCountry "URU"]
[SourceTitle "CBM 194 Extra"]
[Source "ChessBase"]
[SourceDate "2020.03.31"]
[SourceVersion "1"]
[SourceVersionDate "2020.03.31"]
[SourceQuality "1"]

1. d4 Nf6 2. Bf4 c5 3. e3 Qb6 4. Nd2 cxd4 5. e4 d6 6. Nc4 Qc6 7. f3 e5 8. Bg3 Be6 9. Na3 a6 10. Bd3 Nbd7 11. Ne2 b5 12. Rc1 b4 13. Nb1 g6 14. 0-0 Bh6 15. Nd2 d5 16. c3 dxe4 17. fxe4 Be3+ 18. Kh1 dxc3 19. bxc3 Qd6 20. Nc4 Bxc4 21. Bxc4 Qc7 22. Bb3 Bxc1 23. Qxc1 0-0 24. Qe3 Kg7 25. cxb4 Rac8 26. h3 Qb7 27. Nc3 Qxb4 28. Nd5 Qxe4 29. Qxe4 Nxe4 30. Bh2 f6 31. Re1 Nf2+ 32. Kg1 Nd3 33. Rf1 Nc1 34. Nb4 Nxb3 35. axb3 Nc5 36. Rd1 Rfd8 37. Rxd8 Rxd8 38. Nc6 Rd2 39. b4 Ne4 40. Kf1 Rf2+ 41. Kg1 Rc2 0-1

[Event "Montevideo Nazzari Cup"]
[Site "Montevideo"]
[Date "2019.10.20"]
[Round "7"]
[White "Carbone, Diego"]
[Black "Gomez Troccoli, Martin"]
[Result "1-0"]
[WhiteElo "2233"]
[BlackElo "1961"]
[PlyCount "51"]
[EventDate "2019.10.14"]
[EventType "swiss"]
[EventRounds "7"]
[EventCountry "URU"]
[SourceTitle "CBM 192 Extra"]
[Source "Chessbase"]
[SourceDate "2019.11.06"]
[SourceVersion "1"]
[SourceVersionDate "2019.11.06"]
[SourceQuality "1"]

1. Nf3 Nf6 2. g3 d5 3. Bg2 e6 4. d4 Bd6 5. c4 c6 6. 0-0 Nbd7 7. Nfd2 h5 8. Nc3 h4 9. e4 e5 10. exd5 exd4 11. Re1+ Kf8 12. Nde4 hxg3 13. hxg3 Be5 14. Nxf6 Qxf6 15. Ne4 Qg6 16. f4 Bc7 17. d6 Bb6 18. b4 c5 19. Ba3 Nf6 20. d7 Bxd7 21. bxc5 Ba5 22. c6+ Kg8 23. cxd7 Bxe1 24. Nxf6+ Qxf6 25. Qxe1 Rd8 26. Be7 1-0

[Event "Montevideo Nazzari Cup"]
[Site "Montevideo"]
[Date "2019.10.19"]
[Round "6"]
[White "Gomez Troccoli, Martin"]
[Black "Bustelo, Tabare"]
[Result "1-0"]
[WhiteElo "1961"]
[BlackElo "2054"]
[PlyCount "91"]
[EventDate "2019.10.14"]
[EventType "swiss"]
[EventRounds "7"]
[EventCountry "URU"]
[SourceTitle "CBM 192 Extra"]
[Source "Chessbase"]
[SourceDate "2019.11.06"]
[SourceVersion "1"]
[SourceVersionDate "2019.11.06"]
[SourceQuality "1"]

1. e4 c5 2. Nf3 Nf6 3. Nc3 d5 4. e5 d4 5. exf6 dxc3 6. fxg7 cxd2+ 7. Qxd2 Qxd2+ 8. Bxd2 Bxg7 9. 0-0-0 Nc6 10. Bd3 Bg4 11. Rde1 Bxf3 12. gxf3 e6 13. Rhg1 Bf6 14. Rg4 a6 15. f4 0-0-0 16. Bc3 Bxc3 17. bxc3 Rdg8 18. Reg1 Rxg4 19. Rxg4 h6 20. Rg7 Nd8 21. f5 Kd7 22. f6 Kd6 23. f4 h5 24. f5 exf5 25. Rg5 f4 26. a4 Rh6 27. Rf5 Ke6 28. Rxc5 Kxf6 29. Rf5+ Ke7 30. h4 Rf6 31. Rxh5 f3 32. Rf5 f2 33. Rxf6 Kxf6 34. Kd2 f1Q 35. Bxf1 Kf5 36. Be2 a5 37. Kd3 Ne6 38. Kc4 b6 39. Kb5 Nc5 40. Bh5 Ke6 41. c4 f5 42. Bf3 f4 43. Kxb6 Nxa4+ 44. Kxa5 Nc5 45. Kb4 Kd6 46. h5 1-0

[Event "Montevideo Biblioteca Nacional op"]
[Site "Montevideo"]
[Date "2019.07.23"]
[Round "4"]
[White "Gomez Troccoli, Martin"]
[Black "Barcelo Fraixanet, Mario"]
[Result "1-0"]
[WhiteElo "1988"]
[BlackElo "1532"]
[PlyCount "33"]
[EventDate "2019.07.02"]
[EventType "swiss"]
[EventRounds "6"]
[EventCountry "URU"]
[SourceTitle "EXT 2020"]
[Source "ChessBase"]
[SourceDate "2019.10.17"]
[SourceVersion "1"]
[SourceVersionDate "2019.10.17"]
[SourceQuality "1"]

1. e4 e5 2. Nf3 Nf6 3. Nc3 Bb4 4. d3 Bxc3+ 5. bxc3 d6 6. g3 h6 7. Bg2 Nc6 8. 0-0 0-0 9. Nh4 Ne7 10. f4 Bd7 11. fxe5 dxe5 12. Rxf6 gxf6 13. Bxh6 Qc8 14. Qf3 f5 15. exf5 Bxf5 16. Rf1 Bg6 17. Qf6 1-0

[Event "Montevideo Trebejos op 06"]
[Site "Montevideo"]
[Date "2019.06.28"]
[Round "4"]
[White "Gomez Troccoli, Martin"]
[Black "Ramos Correa, Gabriel"]
[Result "1-0"]
[WhiteElo "1958"]
[BlackElo "1950"]
[PlyCount "93"]
[EventDate "2019.06.19"]
[EventType "swiss"]
[EventRounds "7"]
[EventCountry "URU"]
[SourceTitle "EXT 2020"]
[Source "ChessBase"]
[SourceDate "2019.10.17"]
[SourceVersion "1"]
[SourceVersionDate "2019.10.17"]
[SourceQuality "1"]

1. e4 e5 2. Nf3 Nf6 3. Nc3 Nc6 4. g3 d6 5. Bg2 Be6 6. d3 Qd7 7. h3 d5 8. Ng5 Bb4 9. Bd2 d4 10. Ne2 Bxd2+ 11. Qxd2 h6 12. Nxe6 Qxe6 13. h4 h5 14. Bh3 Qd6 15. 0-0-0 Ng4 16. Rdf1 Qh6 17. Bxg4 hxg4 18. Qg5 f6 19. Qxh6 Rxh6 20. c3 0-0-0 21. Kd2 Rhh8 22. h5 dxc3+ 23. bxc3 Rd7 24. Ke3 g6 25. hxg6 Rxh1 26. Rxh1 Rg7 27. Rh8+ Nd8 28. Rh6 Ne6 29. f4 gxf3 30. Kxf3 Kd7 31. Kg4 Ke7 32. Kf5 Rg8 33. Rh7+ Ng7+ 34. Kg4 Ke6 35. Ng1 b5 36. Nf3 c5 37. Nh4 b4 38. cxb4 cxb4 39. Nf5 Nxf5 40. exf5+ Kd5 41. Rxa7 Kd4 42. Rb7 Kxd3 43. Rxb4 e4 44. Rb3+ Kd2 45. Kf4 Re8 46. Re3 Ra8 47. a3 1-0

[Event "Montevideo Trebejos op 06"]
[Site "Montevideo"]
[Date "2019.06.19"]
[Round "1"]
[White "Capretti, Luciano"]
[Black "Gomez Troccoli, Martin"]
[Result "0-1"]
[WhiteElo "1500"]
[BlackElo "1958"]
[PlyCount "74"]
[EventDate "2019.06.19"]
[EventType "swiss"]
[EventRounds "7"]
[EventCountry "URU"]
[SourceTitle "EXT 2020"]
[Source "ChessBase"]
[SourceDate "2019.10.17"]
[SourceVersion "1"]
[SourceVersionDate "2019.10.17"]
[SourceQuality "1"]

1. e4 e6 2. d4 d5 3. e5 c5 4. c3 Nc6 5. Nf3 Bd7 6. Bf4 Qb6 7. Qc2 cxd4 8. Bd3 Rc8 9. Qb3 Qxb3 10. axb3 dxc3 11. bxc3 Nge7 12. 0-0 Ng6 13. Bg3 Bc5 14. Na3 0-0 15. Rfe1 Be7 16. Nc2 a6 17. Ncd4 Nxd4 18. cxd4 Rc3 19. Bxg6 hxg6 20. Rab1 Rfc8 21. Bf4 f6 22. Bd2 Rc2 23. Rec1 Bb5 24. Rxc2 Rxc2 25. Rc1 Rxc1+ 26. Bxc1 a5 27. Bd2 b6 28. Bc3 Be2 29. h3 Bxf3 30. gxf3 fxe5 31. dxe5 g5 32. Kf1 Kf7 33. Ke2 Bc5 34. Kd3 Bxf2 35. Bd4 Bxd4 36. Kxd4 Kg6 37. Ke3 Kf5 0-1

[Event "Montevideo Autumn op 2nd"]
[Site "Montevideo"]
[Date "2019.05.17"]
[Round "7"]
[White "Ramos Correa, Gabriel"]
[Black "Gomez Troccoli, Martin"]
[Result "1-0"]
[WhiteElo "1918"]
[BlackElo "1975"]
[PlyCount "61"]
[EventDate "2019.05.03"]
[EventType "swiss"]
[EventRounds "7"]
[EventCountry "URU"]
[SourceTitle "EXT 2020"]
[Source "ChessBase"]
[SourceDate "2019.10.17"]
[SourceVersion "1"]
[SourceVersionDate "2019.10.17"]
[SourceQuality "1"]

1. d4 Nf6 2. c4 c5 3. d5 e5 4. Nc3 d6 5. e4 Be7 6. g3 Nbd7 7. Bg2 0-0 8. Nge2 Ne8 9. 0-0 g6 10. Bh6 Ng7 11. Qd2 a6 12. a4 b6 13. Nc1 f5 14. Nd3 Nf6 15. f4 Ng4 16. Bxg7 Kxg7 17. h3 fxe4 18. Nxe4 Nf6 19. fxe5 Nxe4 20. Bxe4 Bxh3 21. Rxf8 Qxf8 22. Qh2 Bf5 23. Rf1 Bg5 24. Bxf5 gxf5 25. g4 Be3+ 26. Kh1 f4 27. Nxf4 Kg8 28. Kg2 dxe5 29. Ne6 Qd6 30. Qh5 Kh8 31. Rf7 1-0

[Event "Montevideo Autumn op 2nd"]
[Site "Montevideo"]
[Date "2019.05.10"]
[Round "4"]
[White "Ibanez, Marcelo"]
[Black "Gomez Troccoli, Martin"]
[Result "0-1"]
[WhiteElo "2065"]
[BlackElo "1975"]
[PlyCount "92"]
[EventDate "2019.05.03"]
[EventType "swiss"]
[EventRounds "7"]
[EventCountry "URU"]
[SourceTitle "CBM 190 Extra"]
[Source "ChessBase"]
[SourceDate "2019.07.15"]
[SourceVersion "1"]
[SourceVersionDate "2019.07.15"]
[SourceQuality "1"]

1. Nf3 d5 2. g3 Nf6 3. Bg2 e6 4. 0-0 Be7 5. c4 c6 6. b3 Nbd7 7. Bb2 0-0 8. e3 Nc5 9. Qe2 dxc4 10. bxc4 Nd3 11. Bc3 Ne4 12. Nd4 Nxc3 13. Nxc3 Nc5 14. Rab1 e5 15. Nb3 Bf5 16. e4 Bc8 17. Rfd1 Rb8 18. Qh5 Qc7 19. d3 Rd8 20. Bf1 Be6 21. Be2 g6 22. Qf3 Rd7 23. h4 h5 24. Qe3 b6 25. Kg2 Kg7 26. Rf1 a5 27. Rbd1 Rbd8 28. f4 Nxb3 29. axb3 Bc5 30. Qc1 exf4 31. gxf4 Bg4 32. Qc2 Be7 33. Kg3 f5 34. Bxg4 hxg4 35. Rh1 Bxh4+ 36. Rxh4 g5 37. Rxg4 fxg4 38. e5 gxf4+ 39. Kxg4 Qxe5 40. Ne4 Rh8 41. Ng3 Rd4 42. Ne4 Qh5+ 43. Kxf4 Qh6+ 44. Ke5 Rxe4+ 45. Kxe4 Re8+ 46. Kf3 Re3+ 0-1

[Event "Montevideo Autumn op 2nd"]
[Site "Montevideo"]
[Date "2019.05.06"]
[Round "2"]
[White "Gomez Troccoli, Martin"]
[Black "Toledo, Javier"]
[Result "1/2-1/2"]
[WhiteElo "1975"]
[BlackElo "1807"]
[PlyCount "56"]
[EventDate "2019.05.03"]
[EventType "swiss"]
[EventRounds "7"]
[EventCountry "URU"]
[SourceTitle "CBM 190 Extra"]
[Source "ChessBase"]
[SourceDate "2019.07.15"]
[SourceVersion "1"]
[SourceVersionDate "2019.07.15"]
[SourceQuality "1"]

1. e4 c5 2. Nf3 d6 3. d4 cxd4 4. Nxd4 Nf6 5. Nc3 a6 6. Be3 e5 7. Nb3 Be6 8. f3 Nbd7 9. Qd2 b5 10. g4 Nb6 11. Na5 Rc8 12. g5 Nfd7 13. Nd5 Nxd5 14. Nb7 Qc7 15. exd5 Bf5 16. Na5 Qxc2 17. Nc6 Qxd2+ 18. Kxd2 Nb8 19. Nb4 Bd7 20. Bb6 Be7 21. Rg1 0-0 22. Bd3 Bd8 23. Be3 a5 24. Nc2 Na6 25. Na3 Nc7 26. Be4 Na6 27. Bd3 Nb4 28. Be4 g6 1/2-1/2

[Event "Montevideo Duchamp Cup 3rd"]
[Site "Montevideo"]
[Date "2019.02.14"]
[Round "7"]
[White "Gomez Troccoli, Martin"]
[Black "Salinas Herrera, Pablo Patricio"]
[Result "0-1"]
[WhiteElo "1976"]
[BlackElo "2477"]
[PlyCount "66"]
[EventDate "2019.02.09"]
[EventType "swiss"]
[EventRounds "9"]
[EventCountry "URU"]
[SourceTitle "CBM 188 Extra"]
[Source "ChessBase"]
[SourceDate "2019.02.26"]
[SourceVersion "1"]
[SourceVersionDate "2019.02.26"]
[SourceQuality "1"]

1. e4 c5 2. Nf3 d6 3. d4 cxd4 4. Nxd4 Nf6 5. Nc3 a6 6. h3 e6 7. Be3 b5 8. a3 Bb7 9. Bd3 Nbd7 10. 0-0 Rc8 11. f4 Be7 12. Rc1 0-0 13. Qf3 Rxc3 14. bxc3 Nc5 15. c4 bxc4 16. Bxc4 Nfxe4 17. Qg4 Bf6 18. Nb3 Na4 19. Bd3 Nac3 20. Nd2 d5 21. f5 e5 22. Bxe4 dxe4 23. Rb1 Nxb1 24. Rxb1 Qe7 25. Kh2 Kh8 26. Rb6 Rc8 27. c4 Qxa3 28. Nb3 Bc6 29. Bc5 Qa2 30. Be7 e3 31. Nc1 Qc2 32. Bxf6 gxf6 33. Ne2 Rg8 0-1

[Event "Montevideo Duchamp Cup 3rd"]
[Site "Montevideo"]
[Date "2019.02.12"]
[Round "5"]
[White "Gomez Troccoli, Martin"]
[Black "Visillac, Alejandro"]
[Result "1/2-1/2"]
[WhiteElo "1976"]
[BlackElo "1803"]
[PlyCount "154"]
[EventDate "2019.02.09"]
[EventType "swiss"]
[EventRounds "9"]
[EventCountry "URU"]
[SourceTitle "CBM 188 Extra"]
[Source "ChessBase"]
[SourceDate "2019.02.26"]
[SourceVersion "1"]
[SourceVersionDate "2019.02.26"]
[SourceQuality "1"]

1. e4 e6 2. d4 d5 3. Nd2 Nf6 4. e5 Nfd7 5. Bd3 c5 6. c3 Nc6 7. Ne2 Qb6 8. Nf3 cxd4 9. cxd4 Bb4+ 10. Bd2 0-0 11. 0-0 f6 12. Bxb4 Nxb4 13. exf6 Nxf6 14. Ne5 Nxd3 15. Qxd3 Bd7 16. Nc3 Rac8 17. b3 Qa5 18. Rac1 Rc7 19. Qh3 Bc8 20. Qe3 Nd7 21. b4 Qb6 22. Nd3 Rc4 23. Ne2 Nf6 24. a3 Bd7 25. Rxc4 dxc4 26. Nc5 Qc6 27. Re1 Ng4 28. Qg3 Nxf2 29. Nf4 e5 30. Rxe5 Ng4 31. Nxd7 Qxd7 32. Rd5 Qc7 33. Qxg4 Qxf4 34. Qxf4 Rxf4 35. g3 Re4 36. Kf2 c3 37. Rc5 Rxd4 38. Ke3 Rd7 39. Rxc3 Kf7 40. Ke4 Ke6 41. h4 Re7 42. Rd3 Rc7 43. g4 Rc4+ 44. Rd4 Rc3 45. a4 Rg3 46. Kf4 Ra3 47. a5 Rc3 48. h5 Rc7 49. g5 Rf7+ 50. Kg4 Rc7 51. Re4+ Kd5 52. Re1 Rf7 53. g6 hxg6 54. hxg6 Rc7 55. Kf5 Kd6 56. Re8 Rc4 57. Rd8+ Ke7 58. Rg8 Rxb4 59. Rxg7+ Kf8 60. Rc7 Rb1 61. Rc8+ Kg7 62. Rc7+ Kf8 63. Kf6 Rf1+ 64. Kg5 Rg1+ 65. Kf5 Rf1+ 66. Ke6 Re1+ 67. Kf6 Rf1+ 68. Ke5 Re1+ 69. Kd4 Rd1+ 70. Ke4 Re1+ 71. Kf4 Rf1+ 72. Ke3 Rb1 73. Kd3 Rb5 74. Kc4 Rxa5 75. g7+ Kg8 76. Rxb7 Rg5 77. Rxa7 Rxg7 1/2-1/2

[Event "Montevideo Duchamp Cup 3rd"]
[Site "Montevideo"]
[Date "2019.02.10"]
[Round "2"]
[White "Diaz Hollemaert, Nahuel Carlos"]
[Black "Gomez Troccoli, Martin"]
[Result "1-0"]
[WhiteElo "2426"]
[BlackElo "1976"]
[PlyCount "78"]
[EventDate "2019.02.09"]
[EventType "swiss"]
[EventRounds "9"]
[EventCountry "URU"]
[SourceTitle "CBM 188 Extra"]
[Source "ChessBase"]
[SourceDate "2019.02.26"]
[SourceVersion "1"]
[SourceVersionDate "2019.02.26"]
[SourceQuality "1"]

1. Nf3 e6 2. g3 d5 3. Bg2 Nf6 4. 0-0 Be7 5. c4 0-0 6. b3 b6 7. Bb2 Bb7 8. e3 c5 9. Nc3 Nbd7 10. Qe2 Rc8 11. Rfd1 Ne4 12. Rac1 Nxc3 13. Bxc3 Ba6 14. d3 Bf6 15. Qb2 Bxc3 16. Rxc3 Qf6 17. cxd5 exd5 18. d4 c4 19. Nd2 b5 20. Bxd5 Nb6 21. Bg2 b4 22. Ne4 Qe7 23. Rcc1 f5 24. Nc5 c3 25. Qa1 Bb5 26. a3 Bc6 27. axb4 Bxg2 28. Kxg2 f4 29. Qxc3 fxg3 30. hxg3 Qf7 31. Rd2 Qf3+ 32. Kg1 Nd5 33. Qc4 Rf6 34. Qe2 Qf5 35. e4 Qh3 36. Qf1 Qh6 37. Nd7 Rxc1 38. Nxf6+ Nxf6 39. Qxc1 Nxe4 1-0

[Event "Montevideo Trebejos op 07"]
[Site "Montevideo"]
[Date "2018.07.27"]
[Round "7"]
[White "Gomez Troccoli, Martin"]
[Black "Carvalho, Guillermo"]
[Result "0-1"]
[WhiteElo "1934"]
[BlackElo "2181"]
[PlyCount "40"]
[EventDate "2018.07.11"]
[EventType "swiss"]
[EventRounds "7"]
[EventCountry "URU"]
[SourceTitle "EXT 2019"]
[Source "ChessBase"]
[SourceDate "2018.10.10"]
[SourceVersion "1"]
[SourceVersionDate "2018.10.10"]
[SourceQuality "1"]

1. e4 d5 2. exd5 Nf6 3. Bb5+ Bd7 4. Bxd7+ Qxd7 5. Nf3 Qxd5 6. 0-0 Nc6 7. Nc3 Qd7 8. d4 e6 9. Bg5 0-0-0 10. Ne5 Qe8 11. Nxc6 Qxc6 12. Re1 h6 13. d5 exd5 14. Bxf6 Qxf6 15. Qg4+ Kb8 16. Rad1 c6 17. Re3 Bd6 18. Qa4 d4 19. Ne4 Qe5 20. Rxd4 Qxd4 0-1

[Event "Montevideo Trebejos op 07"]
[Site "Montevideo"]
[Date "2018.07.25"]
[Round "6"]
[White "Lopez Falcon, Jorge"]
[Black "Gomez Troccoli, Martin"]
[Result "0-1"]
[WhiteElo "2119"]
[BlackElo "1934"]
[PlyCount "156"]
[EventDate "2018.07.11"]
[EventType "swiss"]
[EventRounds "7"]
[EventCountry "URU"]
[SourceTitle "EXT 2019"]
[Source "ChessBase"]
[SourceDate "2018.10.10"]
[SourceVersion "1"]
[SourceVersionDate "2018.10.10"]
[SourceQuality "1"]

1. d4 Nf6 2. c4 c5 3. d5 e5 4. Nc3 d6 5. e4 Be7 6. g3 Nbd7 7. Bg2 Rb8 8. Nge2 a6 9. a4 b6 10. 0-0 h5 11. h3 g6 12. Be3 Bf8 13. Qd2 Bg7 14. Bg5 0-0 15. f4 Qe8 16. Rae1 Nh7 17. f5 Nxg5 18. Qxg5 Kh7 19. Qe3 Bh6 20. Qd3 g5 21. g4 Nf6 22. Bf3 Rg8 23. Kf2 Bd7 24. Ra1 Rb7 25. Rfb1 Bf8 26. Ng3 Be7 27. Nf1 Bd8 28. Ne3 Qf8 29. Nc2 Qh6 30. Rh1 Bc7 31. Kg2 Rgb8 32. Qd2 b5 33. axb5 axb5 34. Ne3 bxc4 35. Nxc4 Qg7 36. Ra2 Rb4 37. Be2 Kg8 38. Kf3 Kf8 39. Ra7 Bb6 40. Raa1 Ke7 41. Ra6 Bc7 42. Ra7 Bd8 43. Qc1 Bb6 44. Ra6 Bc8 45. Ra2 Bc7 46. Ra7 R8b7 47. Ra8 Bd7 48. Ra6 Bb5 49. Nxb5 R4xb5 50. Ra3 Rb4 51. Qc2 Qh8 52. Kg2 Qb8 53. Rb1 Rb3 54. Rba1 Rxa3 55. Rxa3 Rb4 56. b3 Rb7 57. Nd2 Qh8 58. Ra1 Rb4 59. Qd3 Rd4 60. Qe3 hxg4 61. hxg4 Qh4 62. Rh1 Nxg4 63. Qf3 Qf2+ 64. Qxf2 Nxf2 65. Nf3 Nxh1 66. Nxd4 exd4 67. Kxh1 Kf6 68. Kg2 Ke5 69. Bd3 Kf4 70. Kf2 Ba5 71. Bc2 Bd2 72. Bd3 g4 73. Bb1 g3+ 74. Kg2 Be1 75. Bc2 Ke3 76. f6 d3 77. Bxd3 Kxd3 78. e5 dxe5 0-1

[Event "Montevideo Trebejos op 07"]
[Site "Montevideo"]
[Date "2018.07.11"]
[Round "1"]
[White "Altuna, Pedro"]
[Black "Gomez Troccoli, Martin"]
[Result "0-1"]
[WhiteElo "1522"]
[BlackElo "1934"]
[PlyCount "44"]
[EventDate "2018.07.11"]
[EventType "swiss"]
[EventRounds "7"]
[EventCountry "URU"]
[SourceTitle "EXT 2019"]
[Source "ChessBase"]
[SourceDate "2018.10.10"]
[SourceVersion "1"]
[SourceVersionDate "2018.10.10"]
[SourceQuality "1"]

1. e4 e6 2. f4 d5 3. Nc3 Nf6 4. Bd3 c5 5. b3 dxe4 6. Bb5+ Bd7 7. a4 a6 8. Bc4 Bd6 9. d3 exd3 10. Qxd3 Qc7 11. Ne4 Nxe4 12. Qxe4 Bc6 13. Qe2 Bxf4 14. Nf3 0-0 15. Bb2 Nd7 16. Kf2 Nb6 17. Ne5 Nxc4 18. bxc4 Rad8 19. Rhd1 Rxd1 20. Rxd1 Bxa4 21. Rd3 Rd8 22. Nxf7 Rxd3 0-1

[Event "Montevideo Noches de Misterio op"]
[Site "Montevideo"]
[Date "2018.05.23"]
[Round "6"]
[White "Guidali, Leonardo"]
[Black "Gomez Troccoli, Martin"]
[Result "0-1"]
[WhiteElo "1618"]
[BlackElo "1935"]
[PlyCount "52"]
[EventDate "2018.04.18"]
[EventType "swiss"]
[EventRounds "6"]
[EventCountry "URU"]
[SourceTitle "CBM 184 Extra"]
[Source "ChessBase"]
[SourceDate "2018.06.28"]
[SourceVersion "1"]
[SourceVersionDate "2018.06.28"]
[SourceQuality "1"]

1. e4 e6 2. d4 d5 3. Nd2 Nf6 4. e5 Nfd7 5. Bd3 c5 6. c3 Nc6 7. Ne2 cxd4 8. cxd4 f6 9. exf6 Nxf6 10. 0-0 Bd6 11. Nf3 Qc7 12. Re1 0-0 13. Bc2 h6 14. Be3 g5 15. Ng3 Qg7 16. a3 Bd7 17. Bd2 Rac8 18. Bc3 Ng4 19. h3 Nf6 20. Qe2 g4 21. Ne5 gxh3 22. Nxd7 Bxg3 23. Qxe6+ Kh8 24. Nxf6 Bxf2+ 25. Kxf2 Rxf6+ 26. Qxf6 Qxf6+ 0-1

[Event "Montevideo Andrea Memorial 3rd"]
[Site "Montevideo"]
[Date "2018.05.22"]
[Round "5"]
[White "Gomez Troccoli, Martin"]
[Black "Garcia Silveira, Luis"]
[Result "0-1"]
[WhiteElo "1935"]
[BlackElo "2064"]
[PlyCount "36"]
[EventDate "2018.05.08"]
[EventType "swiss"]
[EventRounds "6"]
[EventCountry "URU"]
[SourceTitle "CBM 184 Extra"]
[Source "ChessBase"]
[SourceDate "2018.06.28"]
[SourceVersion "1"]
[SourceVersionDate "2018.06.28"]
[SourceQuality "1"]

1. e4 d6 2. d4 Nf6 3. Nc3 g6 4. Be3 Bg7 5. h3 Nbd7 6. Qd2 e5 7. dxe5 dxe5 8. 0-0-0 0-0 9. g4 c6 10. f4 exf4 11. Bxf4 Qa5 12. Nf3 b5 13. a3 b4 14. Na2 Nxe4 15. Qe1 Bxb2+ 16. Kxb2 Qxa3+ 17. Ka1 Qxf3 18. Bh6 Qxh1 0-1

[Event "Montevideo Trebejos Autumn op"]
[Site "Montevideo"]
[Date "2018.03.14"]
[Round "4"]
[White "Gomez Troccoli, Martin"]
[Black "Arriola, Adrian"]
[Result "1/2-1/2"]
[WhiteElo "1961"]
[BlackElo "1495"]
[PlyCount "44"]
[EventDate "2018.03.07"]
[EventType "swiss"]
[EventRounds "7"]
[EventCountry "URU"]
[SourceTitle "CBM 183 Extra"]
[Source "ChessBase"]
[SourceDate "2018.04.19"]
[SourceVersion "1"]
[SourceVersionDate "2018.04.19"]
[SourceQuality "1"]

1. e4 c5 2. Nf3 d6 3. d4 cxd4 4. Nxd4 Nf6 5. Nc3 g6 6. Be3 Bg7 7. f3 Nc6 8. Qd2 0-0 9. 0-0-0 Nxd4 10. Bxd4 Be6 11. h4 h5 12. g4 Qa5 13. Kb1 Rfc8 14. Be2 hxg4 15. Bxf6 Bxf6 16. Nd5 Qxd2 17. Nxf6+ exf6 18. Rxd2 gxf3 19. Bxf3 Rd8 20. Rhd1 Kf8 21. Rxd6 Rxd6 22. Rxd6 Ke7 1/2-1/2

[Event "Montevideo Duchamp Cup 2nd"]
[Site "Montevideo"]
[Date "2018.02.07"]
[Round "8"]
[White "Garcia Palermo, Carlos H"]
[Black "Gomez Troccoli, Martin"]
[Result "1-0"]
[WhiteElo "2427"]
[BlackElo "1957"]
[PlyCount "79"]
[EventDate "2018.02.02"]
[EventType "swiss"]
[EventRounds "9"]
[EventCountry "URU"]
[SourceTitle "CBM 182 Extra"]
[Source "ChessBase"]
[SourceDate "2018.02.23"]
[SourceVersion "1"]
[SourceVersionDate "2018.02.23"]
[SourceQuality "1"]

1. Nf3 Nf6 2. c4 c5 3. Nc3 g6 4. e4 d6 5. d4 cxd4 6. Nxd4 Bg7 7. Be2 0-0 8. 0-0 Nc6 9. Nc2 Ne8 10. Bd2 f5 11. exf5 Bxf5 12. Ne3 Bd7 13. Rb1 Nd4 14. Bd3 e6 15. Be4 Nf6 16. Ng4 Nxe4 17. Nxe4 Bc6 18. Bg5 Qb6 19. Qd3 Rf5 20. Nef6+ Kh8 21. Qh3 Ne2+ 22. Kh1 h5 23. Nxh5 gxh5 24. Qxh5+ Kg8 25. Nh6+ Bxh6 26. Qxh6 Raf8 27. Qg6+ Kh8 28. Qh6+ Kg8 29. Qxe6+ Kg7 30. Be3 Qd8 31. Qh6+ Kf7 32. Qh7+ Ke6 33. Rbe1 R8f7 34. Qg6+ R7f6 35. Qg4 Kf7 36. Rxe2 Qh8 37. Rfe1 Rh5 38. Bf4 Bxg2+ 39. Kxg2 Rg6 40. Re7+ 1-0